000
00227 a2200109 4500
020
_a
9780060883287
041
_a
eng
100
_a
Gabriel Garcia Marquez
245
_a
One Hundred Years Of Solitude
942
_c
BK
952
_7
1
999
_c
23464
_d
23464